000 01329cam a22003011 4500
001 23964
003 BD-RjUL
005 20211209001006.0
008 140312s1966 ctu b 000 0 eng d
035 _a(BD-RjUL)24029
035 _a(OCoLC)1401319
040 _aDLC
_cPSrS
_dOCoLC
_dBD-RjUL
_beng
041 _aeng
082 _a940.5359
_bSOU 1966
100 1 _aSilverstein, Josef,
_973791
245 1 0 _aSoutheast Asia in World War II :
_bfour essays /
_c[by] Josef Silverstein, editor [and others].
260 _aNew Haven :
_bSoutheast Asia Studies, Yale University,
_cc1966.
300 _aiv, 86 p. ;
_c23 cm.
490 1 _aYale University. Southeast Asia Studies. Monograph series,
_vno. 7
504 _aIncludes bibliographical references.
505 0 _aThe importance of the Japanese occupation of Southeast Asia to the political scientist, by J. Silverstein.--Japan: "The light of Asia," by B.R. O'G. Anderson.--The Burma Independence Army: a political movement in military garb, by D. Guyot.--The Philippine "collaborators": survival of an oligarchy, by D. Steinberg.
650 0 _aWorld War, 1939-1945
_zSoutheast Asia.
_973792
830 0 _vno. 7.
_975002
830 0 _aMonograph series (Yale University. Southeast Asia Studies) ;
_975003
942 _2ddc
_cBK
999 _c23964
_d23964